00399nam a22001697a 4500003000900000005001700009008004100026040003300067041000800100080001100108100002500119245003200144260000900176300002300185650001200208650000900220LK-CoDNM20241220143047.0241220b |||||||| |||| 00| 0 eng d aLK-CoDNMdLK-CoDNMeLK-CoDNM aeng a2bR20 aW.A. Herdman, F.R.S. aReport on the Cephalochorda c1902 b16p. : ill ; 28 cm aScience a1902